000 03538nam a2200217Ia 4500
999 _c30931
_d30931
003 OSt
005 20220202103859.0
008 160316s2012 xxu||||| |||| 00| 0 eng d
020 _a9789381270097
040 _cNLS
082 _a343.0944 MOT-1
100 _a
245 _aMotor vehicles manual with short comments
260 _aDelhi
_bProfessional Publishers Ltd.
_c2012
300 _a595p
365 _b Rs. 575
505 _aContents: 1. Motor Vehicles Act, 1988; 2. Central Motor Vehicles Rules, 1989; 3. Motor Vehicles (New High Security Registration Plates) Order, 2001; 4. Motor Vehicles (All India Permit for Tourist Transport Operators) Rules, 1993; 5. Driving Licence (Conditions for Exemption) Rules, 1992; 6. Rules of the Road Regulations, 1989; 7. Overall Dimensions of Motor Vehicles (Prescription of Conditions for Exemption) Rules, 1991; 8. Liquefied Petroleum Gas (Regulation of Use in Motor Vehicles) Order, 2001; 9. Rent a Cab Scheme, 1989; 10. Rent a Motor Cycle Scheme, 1997; 11. Solatium Scheme, 1989; 12. Specification ot Types of Motor Vehicles; 13. Maximum Speed Limit; 14. Specification of Maximum Gross Vehicle Wieght and Maximum Safe Axle Weight; 15. Registration Mark on Vehicles for States and Union Territories; 16. Notifications Under Motor Vehicles Act/Central Motor Vehicles Rules; 17. Use of Red Light on the Top Front of the Vehicle; 18. Central Motor Vehicles (Regulation of Bus Service between Amritsar and Lahore) Rules, 2006; 19. Central Motor Vehicles (Regulation of Bus Service between Amritsar and Nankana Sahib) Rules, 2006; 20. Fatal Accidents Act, 1855; 21. National Highways Act, 1956; 22. National Highways Authority of India Act, 1988; 23. National Highways Rules, 1957; 24. National Highways (Temporary Bridges) Rules, 1964; 25. National Highways (Collection of Fees by any Person for the use of Section of National Highways/Pernanent Bridge/Temporary Bridge on National Highways) Rules, 1997; 26. National Highways (Fees for the use of National Highway Section and Permanent Bridge-Public Funded Projects) Rules, 1997; 27. National Highways (Rate of Fee) Rules, 1997; 28. National Highways (Manner of Deposting the Amount by the Central Government with Compentent Authority for Acquisition of Land) Rules, 1998; 29. National Highways Authority of India (Budget, Accounts, Audit, Investment of Funds and Powers to Enter Premises) Rules, 1990; 30. National Highways Tribunal (Procedure) Rules, 2003; 31. National Highways Tribunal (Procedure for Appointment as Presiding Officer of the Tribunal) Rules, 2003; 32. National Highways Tribunal (Procedure for Investigation of Misbehaviour or incapacity of Presiding Officer) Rules, 2003; 33. National Highways Tribunal (Financial and Administrative Powers) Rules, 2004; 34. Highways Administration Rules, 2004; 35. Central Road Fund Act, 2000; 36. Central Road Fund (State Road) Rules, 2007; 37. Public Liability Insurance Act, 1991; 38. Public Liability Insurance Rules, 1991; 39. Motor Transport Workers Act, 1961; 40. Multimodal Transportation of Goods Act, 1993; 41. Registration of Multimodal Transport Operators Rules, 1992; 42. Multimodal Transport Document Rules, 1994; 43. Motor Vehicles Third Party Insurance Rules, 1994; 44. Road Transport Corporations Act, 1950; 45. Control of National Highways (Land and Traffic) Act, 2002; 46. National Highways Fee (Determination of Rates and Collection) Rules, 2008.
650 _a1.Motor Vehicles
700 _a
_a
942 _2ddc
_cBK